Score 0/95 Timer 20:00
0 Plays Today
Hint Answer % Correct
Pre-TimeskipGomu Gomu no Pistol
94.7%
Pre-TimeskipGomu Gomu no Bazooka
84.2%
Pre-TimeskipGomu Gomu no Gatling
73.7%
Gear SecondGomu Gomu no Jet Pistol
73.7%
Gear ThirdGomu Gomu no Gigant Pistol
73.7%
Gear 2nd + HakiGomu Gomu no Red Hawk
73.7%
Pre-TimeskipGomu Gomu no Rocket
68.4%
Pre-TimeskipGomu Gomu no Rifle
68.4%
Pre-TimeskipGomu Gomu no Stamp
68.4%
Gear SecondGomu Gomu no Jet Bazooka
68.4%
Gear 4rd - BoundmanGomu Gomu no King Kong Gun
68.4%
Pre-TimeskipGomu Gomu no Fusen
63.2%
Gear SecondGomu Gomu no Jet Stamp
63.2%
Gear SecondGomu Gomu no Jet Gatling
63.2%
Gear ThirdGomu Gomu no Gigant Bazooka
63.2%
Gear 4rd - BoundmanGomu Gomu no Kong Gun
63.2%
Pre-TimeskipGomu Gomu no Bullet
52.6%
Pre-TimeskipGomu Gomu no Cannon
52.6%
Pre-TimeskipGomu Gomu no Muchi
52.6%
Pre-TimeskipGomu Gomu no Kane
52.6%
Pre-TimeskipGomu Gomu no Storm
52.6%
Gear 3rd + HakiGomu Gomu no Elephant Gun
52.6%
Pre-TimeskipGomu Gomu no Ono
47.4%
Post-TimeskipGomu Gomu no UFO
47.4%
Gear 3rd + HakiGomu Gomu no Elephant Gatling
47.4%
Gear 3rd + HakiGomu Gomu no Grizzly Magnum
47.4%
Gear 4rd - BoundmanGomu Gomu no Culverin
47.4%
Gear 4rd - SnakemanGomu Gomu no Black Mamba
47.4%
Pre-TimeskipGomu Gomu no Tsuchi
42.1%
Gear 4rd - SnakemanGomu Gomu no King Cobra
42.1%
Gear 4rd - TankmanGomu Gomu no Cannoball
42.1%
Pre-TimeskipGomu Gomu no Yari
36.8%
Hint Answer % Correct
Gear SecondGomu Gomu no Jet Bullet
36.8%
Gear ThirdGomu Gomu no Gigant Axe
36.8%
Gear ThirdGomu Gomu no Gigant Rifle
36.8%
Gear ThirdGomu Gomu no Gigant Stamp
36.8%
Gear 4rd - BoundmanGomu Gomu no Rhino Schneider
36.8%
Pre-TimeskipGomu Gomu no Ami
31.6%
Pre-TimeskipGomu Gomu no Stamp Gatling
31.6%
Pre-TimeskipGomu Gomu no Boh
31.6%
Pre-TimeskipGomu Gomu no Ame
31.6%
Gear SecondGomu Gomu no Jet Whip
31.6%
Gear ThirdGomu Gomu no Gigant Whip
31.6%
Afro LuffyGomu Gomu no Hook
31.6%
Gear 4rd - BoundmanGomu Gomu no Kong Organ
31.6%
Pre-TimeskipGomu Gomu no Pistol Shot
26.3%
Pre-TimeskipGomu Gomu no Kazaguruma
26.3%
Pre-TimeskipGomu Gomu no Hanabi
26.3%
Gear SecondGomu Gomu no Jet Rocket
26.3%
Gear Second & ThirdGomu Gomu no Giant Jet Shell
26.3%
Gear ThirdGomu Gomu no Gigant Fusen
26.3%
Pre-TimeskipGomu Gomu no Ogon Rifle
26.3%
Afro LuffyGomu Gomu no Flail
26.3%
Gear 2nd + HakiGomu Gomu no Hawk Gatling
26.3%
Gear 2nd + HakiGomu Gomu no Hawk Rifle
26.3%
Gear 4rd - SnakemanGomu Gomu no Jet Culverin
26.3%
Champion LuffyGomu Gomu no Champion Stamp
26.3%
Champion LuffyGomu Gomu no Champion Bazooka
26.3%
Mizu LuffyMizu Mizu no Pistol
26.3%
Pre-TimeskipGomu Gomu no Kama
21.1%
Pre-TimeskipGomu Gomu no Tate
21.1%
Pre-TimeskipGomu Gomu no Tako
21.1%
Pre-TimeskipGomu Gomu no Hanabi
21.1%
Pre-TimeskipGomu Gomu no Mikata Robo
21.1%
Hint Answer % Correct
Post-TimeskipGomu Gomu no Snake Shot
21.1%
Post-TimeskipGomu Gomu no Tako Stamp
21.1%
Gear 4rd - BoundmanGomu Gomu no Double Culverin
21.1%
Gear 4rd - BoundmanGomu Gomu no Leo Bazooka
21.1%
Champion LuffyGomu Gomu no Champion Rifle
21.1%
Champion LuffyGomu Gomu no Champion Gatling
21.1%
Pre-TimeskipGomu Gomu no Ogama
15.8%
Pre-TimeskipGomu Gomu no Marunoko
15.8%
Pre-TimeskipGomu Gomu no Tako Hanabi
15.8%
Pre-TimeskipGomu Gomu no Kazan
15.8%
Pre-TimeskipGomu Gomu no Haragi
15.8%
Pre-TimeskipGomu Gomu no Migawari
15.8%
Gear SecondGomu Gomu no Twin Jet Pistol
15.8%
Post-TimeskipGomu Gomu no Orei Fire
15.8%
Pre-TimeskipGomu Gomu no Tonkachi
15.8%
Gear 2nd + HakiGomu Gomu no Jet Hammer
15.8%
Gear 2nd + HakiGomu Gomu no Eagle Bazooka
15.8%
Gear 3rd + HakiGomu Gomu no Thor Elephant Gun
15.8%
Pre-TimeskipGomu Gomu no Bow Gun
10.5%
Pre-TimeskipGomu Gomu no Ozuchi
10.5%
Pre-TimeskipGomu Gomu no Ikebana
10.5%
Post-TimeskipGomu Gomu no Tsuppari
10.5%
Pre-TimeskipGomu Gomu no Hanabi: Ogon Botan
10.5%
Gear 2nd + HakiGomu Gomu no Jet Mace
10.5%
Gear 2nd + HakiGomu Gomu no Hawk Stamp
10.5%
Gear SecondGomu Gomu no Jet Migawari
5.3%
Gear 3rd + HakiGomu Gomu no Gigant Tsuppari
5.3%
Team TechniqueGomu Gomu no Tatsu Epaule Muchi Maki Shoot
5.3%
Team TechniqueGomu Gomu no Sanbyaku Pound Cannon
5.3%
Team TechniqueGomu Gomu no Tonkachi Rifle
5.3%
Team TechniqueGomu Gomu no Heavy Stamp
5.3%
Come Together.
Have Fun.
All Virtual.
We all need to come together. Play Sporcle's virtual live trivia to have fun, connect with people, and get your trivia on. Join a live hosted trivia game for your favorite pub trivia experience done virtually. If a virtual private party is more your thing, go here for details.

You're not logged in!

Compare scores with friends on all Sporcle quizzes.
OR
Log In

Sporcle TV

Today on Sporcle TV


Watch our educational content, quiz creation guides, and fun videos on Sporcle TV.

Show Comments

Extras

Created Feb 17, 2020ReportNominate
Tags:Luffy, Monkey, piece, Technique

Top Quizzes Today


Score Distribution

Paid Content

Your Account Isn't Verified!

In order to create a playlist on Sporcle, you need to verify the email address you used during registration. Go to your Sporcle Settings to finish the process.

Report this User

Report this user for behavior that violates our Community Guidelines.

Details: